书目信息 |
| 题名: |
中华人民共和国国家标准
|
|
| 作者: | ;国家标准总局 发布 | |
| 分册: | 机械制图(国标(GB)122-59-138-59) | |
| 出版信息: | 1962 |
|
| 页数: | 80页 | |
| 开本: | 29cm | |
| 丛书名: | ||
| 单 册: | ||
| 中图分类: | T-652.1 | |
| 科图分类: | ||
| 主题词: | 工业技术--规程 , 工业技术--标准 | |
| 电子资源: | ||
| ISBN: | ||
| 000 | 00733nam0 2200205 450 | |
| 001 | 0759047008 | |
| 005 | 20071003165704.40 | |
| 010 | @dCNY1.40 | |
| 100 | @a20071003d1962 km y0chiy0120 ea | |
| 101 | 0 | @achi |
| 200 | 1 | @a中华人民共和国国家标准@Azhong hua ren min gong he guo guo jia biao zhun@i机械制图(国标(GB)122-59-138-59)@f国家标准总局发布@Fguo jia biao zhun zong ju fa bu |
| 210 | @d1962 | |
| 215 | @a80页@d29cm | |
| 517 | 1 | @a机械制图(国标(GB)122-59-138-59)@Aji xie zhi tu(guo biao(GB)122-59-138-59) |
| 606 | 0 | @a工业技术@x规程 |
| 606 | 0 | @a工业技术@x标准 |
| 690 | @aT-652.1@v4 | |
| 711 | 02 | @a国家标准总局@Aguo jia biao zhun zong ju@4发布 |
| 801 | 0 | @aCN@b大连网信软件有限公司图书馆·11@c20071003 |
| 905 | @aZUCC@dT-652.1@e102 | |
| 中华人民共和国国家标准.机械制图(国标(GB)122-59-138-59)/国家标准总局发布.-1962 |
| 80页;29cm |
| ISBN :CNY1.40 |
| ● |
| 相关链接 |
|
|
|
|
正题名:中华人民共和国国家标准
索取号:T-652.1/102
 
预约/预借
| 序号 | 登录号 | 条形码 | 馆藏地/架位号 | 状态 | 备注 |
| 1 | 0016149 | 202340662 | 密集书库/ [索取号:T-652.1/102] | 在馆 |